Statistics for Swimming Strokes

Click here to take the quiz!

General Stats

  • This quiz has been taken 241 times
  • The average score is 4 of 6

Answer Stats

HintAnswer% Correct
Freestyle
96%
Butterfly
96%
Backstroke
95%
Breaststroke
89%
Sidestroke
23%
Elementary Backstroke
7%

Score Distribution

Percentile by Number Answered

Percent of People with Each Score

Your Score History

You have not taken this quiz